Soldados de Salamina
محفوظ في:
| المؤلف الرئيسي: | |
|---|---|
| التنسيق: | كتاب |
| اللغة: | الإسبانية |
| منشور في: |
Barcelona
TusQuets
2002
|
| الطبعة: | 20a. ed |
| سلاسل: | Colección Andanzas, 433
|
| الموضوعات: | |
| الوسوم: |
إضافة وسم
لا توجد وسوم, كن أول من يضع وسما على هذه التسجيلة!
|
MARC
| LEADER | 00000nam a2200000 a 4500 | ||
|---|---|---|---|
| 001 | UCM4008 | ||
| 003 | CL-VaPUC | ||
| 008 | 020726e20020500SP |||||||||||||||||spa|d | ||
| 082 | 0 | 4 | |a 863 |b CER |2 21 |
| 100 | 0 | |a Cercas, Javier |e author |9 470496 | |
| 245 | 1 | 0 | |a Soldados de Salamina |
| 250 | |a 20a. ed | ||
| 300 | |a 209 p | ||
| 942 | |c BK | ||
| 945 | |d 20020726 00:00:00 |a vberengu | ||
| 260 | |a Barcelona |b TusQuets |c 2002 | ||
| 650 | 0 | |a Novelas españolas |9 265052 | |
| 650 | 0 | |a Literatura española |9 306261 | |
| 583 | |a last modification |c 20020726 00:00:00 |k Rodrigo Vera | ||
| 490 | 0 | |a Colección Andanzas, 433 | |
| 999 | |c 300923 |d 300921 | ||
| 952 | |0 0 |1 0 |4 0 |6 863_000000000000000_CER_2002 |7 0 |8 A |9 359332 |a BIBEDU |b BIBEDU |d 2019-11-21 |i 3832287 |l 1 |m 2 |o 863 CER 2002 |p 3832287 |r 2023-11-09 |s 2023-10-18 |w 2019-11-21 |y BK |k LIT | ||
| 952 | |0 0 |1 0 |4 0 |6 863_000000000000000_CER_2002 |7 0 |8 A |9 359333 |a FDOPOS |b FDOPOS |d 2019-11-21 |i 3832325 |o 863 CER 2002 |p 3832325 |r 2025-01-22 |w 2019-11-21 |y BK |k MLH | ||
| 952 | |0 0 |1 0 |4 0 |6 863_000000000000000_CER_2002 |7 0 |8 A |9 359334 |a FDOPOS |b FDOPOS |d 2019-11-21 |i 3832333 |o 863 CER 2002 |p 3832333 |r 2019-11-21 |w 2019-11-21 |y BK |k MLH | ||